| 000 | 00688nam a22002052 4500 | ||
|---|---|---|---|
| 001 | 0000018874 | ||
| 005 | 20151217152137.0 | ||
| 008 | 100811s xx 000 0 eng d | ||
| 020 | _a812390911x : | ||
| 040 |
_aKABU _cKABU |
||
| 245 | 1 | 0 |
_aSavill's system of clinical medicine : _bdealing with the diagnosis, prognosis and treatment of disease for students and practitioners / _cedited by E. C. Warner. |
| 250 | _a14th ed. | ||
| 260 |
_aNew Delhi : _bCBS, _c1964. |
||
| 300 | _axxiv, 1496 p. | ||
| 650 | 0 |
_aClinical medicine. _@0000144935 |
|
| 700 | 1 |
_aWarner, E. C. _@0000178316 |
|
| 852 | 1 | _9p1190 KES | |
| 908 | _a100811 | ||
| 950 | _@1 | ||
| 999 |
_c8691 _d8691 |
||